000 00337nam a2200157Ia 4500
003 SGT
005 20260530122944.0
082 _a530
_bA04F
100 _aFLITTER , HESSEL H.
245 _aAN INTRODUCTION TO PHYSICS IN NURSING
250 _a7TH
260 _bAITBS
_aDELHI
_c2004
300 _a283
650 _aNURSING
942 _2ddc
_cBK
999 _c1850
_d1850